00573nam a2200181 a 4500001001000000003000900010005001700019007000300036008004100039040002500080082002300105110003300128245007600161260005100237300002600288500003400314650004300348000016801DO-SdBNP20250409122710.0ta100310s1980 dr ao gr 001 0 spa d aDO-SdBNPbspacBNPHU 4a378.7293bU58h2221 aUniversidad Central del Este10aHistoria y trayectoria. /cEdición al cuidado de Francisco Comarazamy aSan Pedro de Macorís :bEdiciones UCE,c1980 a89 p. :bil. ;c21 cm aIncluye notas al pie de fotos 4aUniversidad central del estexHistoria